|
|
|
|
| LEADER |
01260nam a2200289 4500 |
| 001 |
c000138915 |
| 003 |
CARM |
| 005 |
00000000000000.0 |
| 008 |
740502r19741851nyu 00000 eng |
| 019 |
1 |
|
|a 437052
|5 LACONCORD2021
|
| 020 |
|
|
|a 0405061072
|
| 035 |
|
|
|a (OCoLC)902782
|5 LACONCORD2021
|
| 043 |
|
|
|a n-us---
|
| 050 |
0 |
0 |
|a HQ1423
|b .L45
|
| 082 |
0 |
0 |
|a 301.41/2/0973
|
| 245 |
0 |
0 |
|a Liberating the home.
|
| 260 |
|
|
|a New York,
|b Arno Press,
|c 1974.
|
| 300 |
|
|
|a 120, 120 p.
|c 20 cm.
|
| 440 |
|
0 |
|a Women in America from colonial times to the 20th century
|
| 500 |
|
|
|a Reprint of Woman and her needs, by E. O. Smith, first published in 1851 by Fowlers and Wells, New York, and of A domestic problem, by A. M. Diaz, first published in 1875 by J. R. Osgood, Boston.
|
| 650 |
|
0 |
|a Women's rights
|z United States.
|
| 650 |
|
0 |
|a Women
|x Social and moral questions.
|
| 700 |
1 |
2 |
|f 1974.
|a Smith, Elizabeth Oakes Prince,
|d 1806-1893.
|t Woman and her needs.
|
| 700 |
1 |
2 |
|f 1974.
|a Diaz, Abby Morton,
|d 1821-1904.
|t Domestic problem.
|
| 852 |
8 |
|
|b CARM
|h A2:AL18A0
|i A02716
|p 0191484
|f BK
|
| 999 |
f |
f |
|i fd3662a0-284e-553d-a89c-bdf8a8997532
|s 85fe84b0-1607-5bcd-83dd-a1eab468cc64
|
| 952 |
f |
f |
|p Can circulate
|a CAVAL
|b CAVAL
|c CAVAL
|d CARM 1 Store
|e A02716
|f A2:AL18A0
|h Other scheme
|i book
|m 0191484
|